| 000 | 00609nam a22001937a 4500 | ||
|---|---|---|---|
| 005 | 20170412144505.0 | ||
| 010 | _aENG-117757 | ||
| 020 |
_a9788193295465 _c895.00 |
||
| 035 | _aEN-101289 | ||
| 037 | _bDBAD/PUB | ||
| 082 | _a338.954 | ||
| 100 | _aJain, Shobha | ||
| 245 |
_aMake in India need and importance / _c by Shobha Jain |
||
| 260 |
_aNew Delhi _bKunal books _c2017 |
||
| 270 |
_a4648/21, first floor, Ansari Road, Daryaganj _bNew Delhi _e110002 |
||
| 300 |
_av, 247p. _c21cm(Hb) |
||
| 500 | _a Includes bibliographical references and index | ||
| 942 |
_2ddc _cEN _h363.7288 _mJEN |
||
| 999 |
_c138828 _d138828 |
||